000 00423nam a22001697a 4500
003 MPLRDC
005 20220104123756.0
008 210129b ||||| |||| 00| 0 eng d
082 _a802.46 LZW
100 _a陆志韦编著
245 _a北京话单音词词汇
_c
250 _a一版一刷
260 _a
_b科学出版社
_c1956
300 _b
650 _a中国语言--音韵专著
942 _cBK
_o802.46 LZW
999 _c14099
_d14089